000 00389cam a22001457a 4500
008 180718b1989 xxu||||| |||| 00| 0 eng d
082 _aH52x54 D451
100 _aDesai, M.C.
245 _aLaw relating to criminal trials
_cby M.C Desai and R. Mitra
250 _a2nd
260 _aAllahabad
_bLaw
_c1989
300 _a1207p.
650 _aCriminal procedure - India
700 _aMitra, R.
999 _c343955
_d343955